00479nam a2200145Ia 450000500170000000800410001702000180005808200200007610000340009624501340013025000130026426000320027730000150030944000090032420250328111405.0240126s9999 xx 000 0 und d a9789388267908 a347.06 SIN;1 R aSingh, Avtar. Kaur, Harpreet. 0aPrinciples of the law of evidence : a study of the Indian evidence act, 1872 as amended by the criminal law (amendment) act, 2018 a24th ed. bCentral Law Pub.aPrayagraj alxxvi, 648 aNULL